Największe Miasta w Paragwaju - Statystyki

Ogólne statystyki
  • Ten quiz został rozwiązany 4 razy
  • Średni wynik to 5 z 10
Statystyki odpowiedzi
Populacja Miasto % Poprawnych
507.574 Asunción
100%
273.755 Ciudad del Este
67%
76.671 Encarnación
67%
224.438 Luque
67%
215.201 Capiatá
33%
121.941 Fernando de la Mora
33%
128.324 Lambaré
33%
103.818 Ñemby
33%
236.594 San Lorenzo
33%
105.824 Limpio
0%
Nie znaleziono quizów pasujących do podanych kryteriów
Rozkład punktacji
Procent ludzi z każdym wynikiem
Percentyl według liczby udzielonych odpowiedzi
Twoja historia wyników
Nie rozwiązałeś tego quizu